=LDR 00000nam 2200000 4500 =001 INLIS000000000043740 =005 20131008103731 =008 ***********************************ind** =035 ##$$0010-101300000001662 =041 ##$$a ind =082 ##$$a 621.381 03 =090 ##$$a R 621.381 03, Han K =100 ##$$a Handiko, Andry Y =245 ##$$a Informasi era teknologi, Kamus inti elektronika, Andry Y Handiko =260 ##$$a 1993 $b Solo =300 ##$$a 232 hlm, ilus, 21 cm =650 ##$$a Elektronika - Kamus =850 ##$$a NBPNMAT